000 00709nam a22002057a 4500
999 _c18403
_d18403
003 AR-CdUCM
008 190513b ||||| |||| 00| 0 spa d
040 _aMUNICIPALIDAD PROVINCIAL DEL CUSCO
_cBIBLIOTECA MUNICIPAL DEL CUSCO
082 _a974 /
_bAN62
110 _aComité nacional antinazafascistas
_938973
245 _aComité nacional antinazafascistas /
260 _aMéxico :
_bCamara de diputados,
_c1944.
300 _a521 páginas ;
_c24 cm.
505 _aContenido : C. Fidel Velázquez -- C. Tte Crl. Antonio Nava Castillo -- C. Dip. Genaro Lapa ...
650 _aHistoria
_9246
650 _aBiografías
_9148
650 _aMéxico
_918
942 _2ddc
_cLIBROS
945 _arah
_d2019/05/13